Veintiseis cuentos colombianos

Uloženo v:
Podrobná bibliografie
Médium: Kniha
Jazyk:Undetermined
Vydáno: Bogotá, Colombia Kelly 1959
Témata:
Tagy: Přidat tag
Žádné tagy, Buďte první, kdo vytvoří štítek k tomuto záznamu!

MARC

LEADER 00000nam a2200000Ia 4500
008 170316s9999 xx 000 0 und d
040 |a cru BVZT 
090 |a A-860 V-2v 
245 |a Veintiseis cuentos colombianos 
260 |a Bogotá, Colombia 
260 |b Kelly 
260 |c 1959 
300 |a 215 páginas 
650 |a LITERATURA LATINOAMERICANA 
650 |a ANTOLOGÍA 
999 |c 12549  |d 12549 
942 |c 15 D  |h A-860 V-2v  |2 z